Missing Word: Common Bond TV Shows II Quiz Stats

 Plays Quiz Updated Nov 29, 2016

Challenge
Share
Tweet
Embed
Score 0/18 Timer 03:00
0 Plays Today
Television Show Answer % Correct
____ ... with ChildrenMarried
97.1%
The ____ WifeGood
88.7%
____ MattersFamily
82%
____ & MollyMike
80%
____ BrewsterPunky
74.7%
____ to JimAccording
74.1%
Perfect ____Strangers
53.7%
____ & WarLove
48.8%
My Big Fat Greek ____Life
41.3%
Television Show Answer % Correct
Once and ____Again
41.3%
Good ____Times
40.5%
____ StandingStill
37.2%
Due ____South
26.8%
Kolchak: The Night ____Stalker
26.3%
____ EditionEarly
22%
Crime ____Story
12.5%
Common Bond:They're all set in Chicago
3.3%
Life with ____Bonnie
1.6%

Today's Daily Dose

You're not logged in!

Compare scores with friends on all Sporcle quizzes.
OR
Log In

You Might Also Like...

Show Comments

Extras

Top Quizzes Today


Score Distribution

Your Account Isn't Verified!

In order to create a playlist on Sporcle, you need to verify the email address you used during registration. Go to your Sporcle Settings to finish the process.

Report this User

Report this user for behavior that violates our Community Guidelines.

Details: